000 00214nam a22000977a 4500
999 _c16092
_d16092
003 OSt
008 191105b ||||| |||| 00| 0 eng d
100 _aVasudevan nair,M T.
_94299
245 _aArabhi ponnu
942 _cBK